[Event "Arco Christmas op 12th"]
[Site "Arco"]
[Date "2022.12.26"]
[Round "1"]
[White "Caprino, Marco"]
[Black "Murgia, Andrea"]
[Result "1-0"]
[WhiteElo "2092"]
[BlackElo "1766"]
[PlyCount "91"]
[EventDate "2022.12.26"]
[EventType "swiss"]
[EventRounds "7"]
[EventCountry "ITA"]
[SourceTitle "CBM 212 Extra"]
[Source "ChessBase"]
[SourceDate "2023.03.31"]
[SourceVersion "1"]
[SourceVersionDate "2023.03.31"]
[SourceQuality "1"]

1. c4 f5 2. d4 Nf6 3. d5 c6 4. Nc3 Na6 5. g3 Qb6 6. Bg2 Ng4 7. Nh3 Qb4 8. 0-0 Qxc4 9. e4 d6 10. Re1 Nc5 11. dxc6 Nd3 12. Bf1 Nge5 13. Re3 fxe4 14. Nxe4 Qxc6 15. Bg2 d5 16. Nc3 Bg4 17. Qd2 Bxh3 18. Bxh3 d4 19. Rxd3 Nxd3 20. Qxd3 dxc3 21. Bg2 Qd7 22. Qxc3 Rc8 23. Qe1 e6 24. Be3 Bc5 25. Rd1 Qe7 26. Bxc5 Rxc5 27. Qe3 0-0 28. Be4 Rfc8 29. h4 b6 30. Re1 a5 31. Bd3 e5 32. Qe4 g6 33. Re2 b5 34. b3 Qd6 35. h5 Rd8 36. Re3 Rd5 37. Be2 Rc8 38. h6 Rc1+ 39. Kg2 Rd4 40. Qa8+ Kf7 41. Rf3+ Ke6 42. Qg8+ Kd7 43. Qg7+ Ke8 44. Bxb5+ Rc6 45. Rf8+ Qxf8 46. Bxc6+ 1-0

[Event "Arco Christmas op 8th"]
[Site "Arco"]
[Date "2017.12.27"]
[Round "2"]
[White "Dittmar, Peter"]
[Black "Murgia, Andrea"]
[Result "1-0"]
[WhiteElo "2280"]
[BlackElo "1911"]
[PlyCount "53"]
[EventDate "2017.12.26"]
[EventType "swiss"]
[EventRounds "7"]
[EventCountry "ITA"]
[SourceTitle "CBM 182 Extra"]
[Source "ChessBase"]
[SourceDate "2018.02.23"]
[SourceVersion "1"]
[SourceVersionDate "2018.02.23"]
[SourceQuality "1"]

1. d4 f5 2. e4 d6 3. exf5 Bxf5 4. Bd3 Bxd3 5. Qxd3 Nd7 6. Nf3 e5 7. dxe5 dxe5 8. 0-0 Bd6 9. Nc3 Ngf6 10. Bg5 0-0 11. Rad1 Kh8 12. Ne4 Qe7 13. Nxd6 Nc5 14. Nf5 Qe6 15. Qe3 Ng4 16. Qxc5 Rxf5 17. Qxc7 Raf8 18. Rd6 Qe8 19. Rd8 Qh5 20. Qe7 Kg8 21. Qe6+ Kh8 22. Qxf5 Rxd8 23. h3 Nf6 24. g4 Qxh3 25. Bxf6 Rf8 26. Ng5 Qh6 27. Nf7+ 1-0

[Event "Arco Christmas op 7th"]
[Site "Arco"]
[Date "2016.12.27"]
[Round "2"]
[White "Murgia, Andrea"]
[Black "Belli, Giorgio"]
[Result "0-1"]
[WhiteElo "1904"]
[BlackElo "2157"]
[PlyCount "98"]
[EventDate "2016.12.26"]
[EventType "swiss"]
[EventRounds "7"]
[EventCountry "ITA"]
[SourceTitle "CBM 176 Extra"]
[Source "ChessBase"]
[SourceDate "2017.03.02"]
[SourceVersion "1"]
[SourceVersionDate "2017.03.02"]
[SourceQuality "1"]

1. e4 c5 2. c3 d5 3. exd5 Qxd5 4. Nf3 Nc6 5. Na3 Bf5 6. Bc4 Qd7 7. 0-0 e6 8. Bb5 Bd6 9. Nc4 Nge7 10. Qa4 Bd3 11. Bxc6 Nxc6 12. Nb6 axb6 13. Qxa8+ Bb8 14. Re1 Ba6 15. Ne5 Qc7 16. d4 f6 17. Ng4 0-0 18. Rxe6 cxd4 19. g3 Qd7 20. Nh6+ gxh6 21. Rxc6 Qxc6 22. Bxh6 dxc3 23. bxc3 Qxc3 24. Rc1 Qa3 25. Re1 Rd8 26. Bf4 Qf8 27. Bxb8 Rxb8 28. Qa7 Qd8 29. Rb1 Rc8 30. Qxb6 Rc1+ 31. Kg2 Bf1+ 32. Kf3 Qd3+ 33. Kg4 Rxb1 34. Qe6+ Kf8 35. Qxf6+ Ke8 36. Qe5+ Kd8 37. Qf6+ Kc7 38. Qe5+ Kc6 39. Qf6+ Kc5 40. Qe7+ Kd4 41. Qf6+ Kc4 42. Qf7+ Kc3 43. f4 Qg6+ 44. Qxg6 hxg6 45. f5 gxf5+ 46. Kxf5 Bh3+ 47. Kf4 Rb2 48. g4 Bxg4 49. Kxg4 Rxh2 0-1

[Event "Arco Christmas op 6th"]
[Site "Arco"]
[Date "2015.12.27"]
[Round "2"]
[White "Bardone, Lorenzo"]
[Black "Murgia, Andrea"]
[Result "1-0"]
[WhiteElo "2209"]
[BlackElo "1952"]
[PlyCount "87"]
[EventDate "2015.12.26"]
[EventType "swiss"]
[EventRounds "7"]
[EventCountry "ITA"]
[SourceTitle "CBM 170 Extra"]
[Source "ChessBase"]
[SourceDate "2016.02.25"]
[SourceVersion "1"]
[SourceVersionDate "2016.02.25"]
[SourceQuality "1"]

1. Nf3 f5 2. g3 Nf6 3. Bg2 d6 4. d4 g6 5. c4 Bg7 6. 0-0 0-0 7. Nc3 c6 8. Rb1 Na6 9. b4 Nc7 10. a4 Be6 11. Qb3 b5 12. axb5 cxb5 13. d5 bxc4 14. Qxc4 Ne4 15. dxe6 Nxc3 16. Rb3 N7b5 17. Ng5 Rc8 18. Qh4 Nxe2+ 19. Kh1 h5 20. Be3 Bf6 21. Rd3 Rc3 22. Rd2 Ned4 23. Bd5 Nc2 24. Qf4 Be5 25. Qh4 Nxe3 26. fxe3 Qb6 27. e4 Qe3 28. Nf3 Nd4 29. Nxe5 Qxd2 30. Nxg6 Rc1 31. Rxc1 Qxc1+ 32. Kg2 fxe4 33. Nxf8 Qd2+ 34. Kh3 Nf3 35. Qxh5 Qxh2+ 36. Kg4 Ne5+ 37. Kg5 Qxg3+ 38. Kf5 Qf2+ 39. Kxe4 Qg2+ 40. Kf5 Qc2+ 41. Kf4 Qd2+ 42. Kf5 Qxd5 43. Qh7+ Kxf8 44. Qh8# 1-0

[Event "Bratto op 34th"]
[Site "Bratto"]
[Date "2014.08.30"]
[Round "9"]
[White "Murgia, Andrea"]
[Black "Cugini, Verter"]
[Result "1-0"]
[WhiteElo "1967"]
[BlackElo "2079"]
[PlyCount "67"]
[EventDate "2014.08.22"]
[EventType "swiss"]
[EventRounds "9"]
[EventCountry "ITA"]
[SourceTitle "EXT 2016"]
[Source "ChessBase"]
[SourceDate "2015.10.08"]
[SourceVersion "1"]
[SourceVersionDate "2015.10.08"]
[SourceQuality "1"]

1. e4 e6 2. d4 d5 3. Nd2 Nf6 4. e5 Ne4 5. Bd3 Nxd2 6. Bxd2 c5 7. c3 Qb6 8. Nf3 c4 9. Bc2 Qxb2 10. 0-0 Nc6 11. Ng5 Be7 12. f4 g6 13. a4 Qb6 14. g4 Nd8 15. a5 Qc7 16. f5 Bxg5 17. Bxg5 exf5 18. Bf6 Rg8 19. Qc1 fxg4 20. Qh6 Ne6 21. Qxh7 Rf8 22. Qh6 Rb8 23. Qc1 Bd7 24. Qa3 Bc6 25. Rf2 b5 26. Qb4 Kd7 27. Be7 Rbe8 28. Bd6 Qd8 29. Rf6 Rh8 30. Rxf7+ Kc8 31. Be7 Rxe7 32. Rxe7 Ng5 33. Qc5 Nf3+ 34. Kf1 1-0

[Event "Bratto op 34th"]
[Site "Bratto"]
[Date "2014.08.29"]
[Round "8"]
[White "Cattaneo, Marco"]
[Black "Murgia, Andrea"]
[Result "1-0"]
[WhiteElo "2151"]
[BlackElo "1967"]
[PlyCount "49"]
[EventDate "2014.08.22"]
[EventType "swiss"]
[EventRounds "9"]
[EventCountry "ITA"]
[SourceTitle "EXT 2016"]
[Source "ChessBase"]
[SourceDate "2015.10.08"]
[SourceVersion "1"]
[SourceVersionDate "2015.10.08"]
[SourceQuality "1"]

1. d4 f5 2. Nc3 g6 3. h4 Bg7 4. h5 c5 5. d5 d6 6. e4 Qa5 7. Bd2 Nh6 8. Bd3 c4 9. Bxc4 Ng4 10. hxg6 Nxf2 11. Bb5+ Kd8 12. Kxf2 fxe4 13. g3 Bd4+ 14. Kg2 e3 15. Be1 Bxc3 16. Bxc3 Rf8 17. Qf1 Qxb5 18. Qxf8+ Kc7 19. Qxe7+ Bd7 20. gxh7 Qxd5+ 21. Nf3 Nc6 22. Qxe3 Rf8 23. h8Q Rf5 24. Rad1 Qf7 25. Rh7 1-0

[Event "Bratto op 34th"]
[Site "Bratto"]
[Date "2014.08.28"]
[Round "7"]
[White "Murgia, Andrea"]
[Black "Cebalo, Miso"]
[Result "0-1"]
[WhiteElo "1967"]
[BlackElo "2401"]
[PlyCount "48"]
[EventDate "2014.08.22"]
[EventType "swiss"]
[EventRounds "9"]
[EventCountry "ITA"]
[SourceTitle "EXT 2016"]
[Source "ChessBase"]
[SourceDate "2015.10.08"]
[SourceVersion "1"]
[SourceVersionDate "2015.10.08"]
[SourceQuality "1"]

1. e4 c5 2. c3 d5 3. exd5 Qxd5 4. d4 g6 5. Nf3 Bg7 6. Be3 cxd4 7. cxd4 Nf6 8. Nc3 Qa5 9. Bc4 0-0 10. Qd2 b6 11. Nd5 Nc6 12. b4 Qa3 13. Rb1 Nxd5 14. Bxd5 Bb7 15. Rb3 Qa4 16. Ne5 Rad8 17. Bxf7+ Rxf7 18. Nxf7 Kxf7 19. 0-0 Nxd4 20. Rd3 Qc6 21. f4 Qe4 22. f5 Ne2+ 23. Qxe2 Rxd3 24. fxg6+ Kxg6 0-1

[Event "Porto Mannu op 6th"]
[Site "Porto Mannu"]
[Date "2014.06.11"]
[Round "6"]
[White "Ziegler, Ari"]
[Black "Murgia, Andrea"]
[Result "1-0"]
[WhiteElo "2330"]
[BlackElo "1962"]
[PlyCount "59"]
[EventDate "2014.06.07"]
[EventType "swiss"]
[EventRounds "9"]
[EventCountry "ITA"]
[SourceTitle "CBM 160 Extra"]
[Source "ChessBase"]
[SourceDate "2014.07.01"]
[SourceVersion "1"]
[SourceVersionDate "2014.07.01"]
[SourceQuality "1"]

1. d4 f5 2. Bg5 g6 3. g4 fxg4 4. e4 d6 5. Nc3 Bg7 6. Qd2 c5 7. d5 Nd7 8. 0-0-0 Ne5 9. h3 Nf6 10. hxg4 Bxg4 11. f4 Nf3 12. Bb5+ Kf7 13. Nxf3 Bxf3 14. e5 Ng4 15. Be2 Bxe2 16. Qxe2 h5 17. Ne4 Qb6 18. Rhf1 c4 19. Rde1 Rhe8 20. c3 Kg8 21. Kb1 Rab8 22. Rg1 Qa5 23. Rd1 Qc7 24. Rxg4 hxg4 25. Qxg4 e6 26. dxe6 dxe5 27. Rd7 Qc6 28. f5 Rxe6 29. fxe6 Rf8 30. Bf6 1-0

[Event "Pavia Province-ch"]
[Site "Vigevano"]
[Date "2014.02.20"]
[Round "3"]
[White "Murgia, Andrea"]
[Black "Melotti, Dario"]
[Result "0-1"]
[WhiteElo "1980"]
[BlackElo "1869"]
[PlyCount "57"]
[EventDate "2014.02.06"]
[EventType "swiss"]
[EventRounds "6"]
[EventCountry "ITA"]
[SourceTitle "EXT 2015"]
[Source "ChessBase"]
[SourceDate "2014.11.20"]
[SourceVersion "1"]
[SourceVersionDate "2014.11.20"]
[SourceQuality "1"]

1. e4 e5 2. f4 d5 3. exd5 exf4 4. Nf3 Nf6 5. d4 Nxd5 6. Bc4 Be7 7. 0-0 0-0 8. Bxd5 Qxd5 9. Bxf4 c6 10. Nc3 Qd8 11. Qe1 Be6 12. Qg3 Nd7 13. Bh6 Bf6 14. Ne4 Kh8 15. Nxf6 Qxf6 16. Bg5 Qg6 17. Nh4 Qxc2 18. Rf2 Qe4 19. Rf4 Qd5 20. Raf1 f6 21. Rf5 Bxf5 22. Rxf5 Qxd4+ 23. Be3 Qd1+ 24. Rf1 Qh5 25. Nf5 Qg6 26. Qc7 Ne5 27. Ne7 Qf7 28. Bc5 Rfc8 29. Qxc8+ 0-1

[Event "Pavia Province-ch"]
[Site "Vigevano"]
[Date "2014.02.13"]
[Round "2"]
[White "Murgia, Andrea"]
[Black "Pappalardo, Antonio"]
[Result "1-0"]
[WhiteElo "1980"]
[BlackElo "1703"]
[PlyCount "61"]
[EventDate "2014.02.06"]
[EventType "swiss"]
[EventRounds "6"]
[EventCountry "ITA"]
[SourceTitle "EXT 2015"]
[Source "ChessBase"]
[SourceDate "2014.11.20"]
[SourceVersion "1"]
[SourceVersionDate "2014.11.20"]
[SourceQuality "1"]

1. e4 c5 2. c3 Nf6 3. e5 Nd5 4. d4 cxd4 5. Nf3 e6 6. Bc4 Nb6 7. Bb3 d6 8. 0-0 Nc6 9. cxd4 dxe5 10. Bg5 Be7 11. Bxe7 Qxe7 12. dxe5 0-0 13. Nc3 Bd7 14. Ne4 Nb4 15. Nfg5 h6 16. Qh5 N4d5 17. f4 Bb5 18. a4 Bxf1 19. Rxf1 Rac8 20. a5 Nc4 21. f5 exf5 22. Rxf5 Nce3 23. Nf6+ Nxf6 24. Rxf6 hxg5 25. Qxg5 Nd5 26. h4 Nxf6 27. h5 Nd5 28. Qg3 Rc5 29. h6 g6 30. Ba2 Nb4 31. Qxg6+ 1-0

[Event "Padova op-A 16th"]
[Site "Padova"]
[Date "2013.12.17"]
[Round "3.20"]
[White "Fierro Baquero, Martha Lorena"]
[Black "Murgia, Andrea"]
[Result "1-0"]
[WhiteElo "2362"]
[BlackElo "1977"]
[PlyCount "77"]
[EventDate "2013.12.15"]
[EventType "swiss"]
[EventRounds "9"]
[EventCountry "ITA"]
[SourceTitle "EXT 2024"]
[Source "ChessBase"]
[SourceDate "2023.10.10"]
[SourceVersion "1"]
[SourceVersionDate "2023.10.10"]
[SourceQuality "1"]

1. c4 f5 2. g3 Nf6 3. Bg2 d6 4. Nc3 c6 5. d3 Na6 6. Rb1 e5 7. Nf3 Be7 8. 0-0 0-0 9. b4 Qe8 10. e3 e4 11. dxe4 fxe4 12. Ng5 d5 13. cxd5 Bxb4 14. dxc6 bxc6 15. Ngxe4 Bf5 16. Nxf6+ Rxf6 17. Rxb4 Nxb4 18. Qb3+ Qf7 19. Qxb4 a5 20. Qa3 Qh5 21. Qc5 g5 22. e4 Rh6 23. h4 Be6 24. Qxg5+ Qxg5 25. Bxg5 Rg6 26. Rd1 Kf7 27. f4 Bg4 28. Rd2 Rgg8 29. f5 Ra7 30. Bf1 Rb8 31. Bc4+ Ke8 32. f6 Bh5 33. e5 Rab7 34. e6 Rd8 35. e7 Rxd2 36. Bxd2 a4 37. f7+ Kxe7 38. Bg5+ Kf8 39. Bh6+ 1-0

[Event "Porto Mannu op 5th"]
[Site "Porto Mannu"]
[Date "2013.06.05"]
[Round "6"]
[White "Pitzanti, Matteo"]
[Black "Murgia, Andrea"]
[Result "0-1"]
[WhiteElo "1708"]
[BlackElo "1984"]
[PlyCount "102"]
[EventDate "2013.06.01"]
[EventType "swiss"]
[EventRounds "9"]
[EventCountry "ITA"]
[SourceTitle "CBM 154 Extra"]
[Source "ChessBase"]
[SourceDate "2013.06.25"]
[SourceVersion "2"]
[SourceVersionDate "2013.06.25"]
[SourceQuality "1"]

1. e4 e5 2. Nf3 Nc6 3. d4 exd4 4. Bc4 Nf6 5. e5 d5 6. Bb5 Ne4 7. Nxd4 Bd7 8. Bxc6 bxc6 9. 0-0 Bc5 10. c3 0-0 11. f3 Ng5 12. f4 Ne4 13. Be3 Bb6 14. Nd2 c5 15. N4f3 Bb5 16. Re1 Bd3 17. Nxe4 dxe4 18. Nd2 f6 19. exf6 Qxf6 20. Qg4 c4 21. g3 Rae8 22. Qh5 Qc6 23. Kh1 g6 24. Qh3 Bxe3 25. Rxe3 Qb6 26. Rae1 Qxb2 27. Qg2 Kg7 28. Nxe4 Qb6 29. Qf3 h6 30. h3 Qc6 31. Nd2 Rxe3 32. Rxe3 Qd7 33. Kh2 Rb8 34. Kg1 Rb2 35. Qg2 Bf5 36. Re2 Bxh3 37. Qh2 Bg4 38. Rf2 Qd3 39. Qg2 Qxc3 40. Ne4 Qe1+ 41. Kh2 Rb5 42. f5 Rxf5 43. Rxf5 Bxf5 44. Qb2+ c3 45. Nxc3 Qe5 46. Qd2 h5 47. Kg2 c5 48. Qb2 Be4+ 49. Kh3 g5 50. Qd2 Bf5+ 51. Kg2 Kg6 0-1

[Event "Condino op 12th"]
[Site "Condino"]
[Date "2012.07.25"]
[Round "4"]
[White "Menichini, Massimo"]
[Black "Murgia, Andrea"]
[Result "0-1"]
[WhiteElo "1776"]
[BlackElo "2017"]
[PlyCount "47"]
[EventDate "2012.07.22"]
[EventType "swiss"]
[EventRounds "7"]
[EventCountry "ITA"]
[SourceTitle "CBM 149 Extra"]
[Source "ChessBase"]
[SourceDate "2012.08.24"]
[SourceVersion "1"]
[SourceVersionDate "2012.08.24"]
[SourceQuality "1"]

1. e4 e5 2. Nf3 Nc6 3. Nc3 Nf6 4. d4 exd4 5. Nxd4 d6 6. Bc4 Be7 7. 0-0 0-0 8. Bg5 Ne5 9. Bb3 c5 10. Nde2 c4 11. Ba4 a6 12. f4 Neg4 13. Bxf6 Bxf6 14. Nd5 b5 15. h3 Nh6 16. g4 Bxb2 17. Rb1 Ba3 18. g5 Bxh3 19. gxh6 Bc5+ 20. Nd4 Qh4 21. Ne3 Qg3+ 22. Kh1 Qxe3 23. hxg7 Rfe8 24. Nf3 0-1

[Event "Crema op 06th"]
[Site "Crema"]
[Date "2004.09.04"]
[Round "4"]
[White "Faraoni, Enrico"]
[Black "Murgia, Andrea"]
[Result "1-0"]
[WhiteElo "2178"]
[BlackElo "2107"]
[PlyCount "63"]
[EventDate "2004.09.03"]
[EventType "swiss"]
[EventRounds "6"]
[EventCountry "ITA"]
[SourceTitle "EXT 2007"]
[Source "ChessBase"]
[SourceDate "2006.11.23"]
[SourceVersion "1"]
[SourceVersionDate "2006.11.23"]
[SourceQuality "1"]

1. e4 e5 2. d4 exd4 3. Qxd4 Nc6 4. Qe3 Nf6 5. Nc3 Bb4 6. Bd2 0-0 7. 0-0-0 Re8 8. Qg3 Rxe4 9. f4 d5 10. Nf3 Nh5 11. Qf2 Bxc3 12. Bxc3 Nxf4 13. Nd2 Qg5 14. Kb1 Qg4 15. Bb5 Re7 16. h3 Qg5 17. Nf3 Qxg2 18. Qh4 Qxf3 19. Bxc6 bxc6 20. Qxe7 Bxh3 21. Qxc7 Ne2 22. Be5 Rc8 23. Qe7 Bf5 24. Qg5 Bg6 25. Rdf1 Qe4 26. Rh4 Qxc2+ 27. Ka1 Rb8 28. Rxh7 Kxh7 29. Rh1+ Kg8 30. Rh8+ Kxh8 31. Qh6+ Kg8 32. Qxg7# 1-0

[Event "Melegnano op 3rd"]
[Site "Melegnano"]
[Date "2004.02.15"]
[Round "4"]
[White "Dassisti, Alberto"]
[Black "Murgia, Andrea"]
[Result "1/2-1/2"]
[WhiteElo "1783"]
[BlackElo "2138"]
[PlyCount "37"]
[EventDate "2004.02.13"]
[EventType "swiss"]
[EventRounds "5"]
[EventCountry "ITA"]
[SourceTitle "EXT 2008"]
[Source "ChessBase"]
[SourceDate "2007.11.25"]
[SourceVersion "1"]
[SourceVersionDate "2007.11.25"]
[SourceQuality "1"]

1. e4 e5 2. Nc3 Nc6 3. d3 d6 4. Nce2 Nge7 5. f4 exf4 6. Nxf4 g6 7. c3 Bg7 8. Nf3 0-0 9. Be2 d5 10. 0-0 a5 11. exd5 Nxd5 12. Nxd5 Qxd5 13. Bf4 Ne7 14. d4 c5 15. Ne5 cxd4 16. Bc4 Qe4 17. Bd3 Qd5 18. Bc4 Qe4 19. Bd3 1/2-1/2

[Event "Melegnano op 3rd"]
[Site "Melegnano"]
[Date "2004.02.15"]
[Round "5"]
[White "Murgia, Andrea"]
[Black "Bonade, Massimo"]
[Result "0-1"]
[WhiteElo "2138"]
[BlackElo "2044"]
[PlyCount "114"]
[EventDate "2004.02.13"]
[EventType "swiss"]
[EventRounds "5"]
[EventCountry "ITA"]
[SourceTitle "EXT 2008"]
[Source "ChessBase"]
[SourceDate "2007.11.25"]
[SourceVersion "1"]
[SourceVersionDate "2007.11.25"]
[SourceQuality "1"]

1. e4 c5 2. c3 d5 3. exd5 Qxd5 4. d4 cxd4 5. cxd4 Nc6 6. Nf3 e5 7. Nc3 Bb4 8. Bd2 Bxc3 9. Bxc3 e4 10. Ne5 Nxe5 11. dxe5 Ne7 12. Qa4+ Bd7 13. Qa3 Qe6 14. Rd1 0-0 15. Rd6 Qf5 16. Be2 Bc6 17. 0-0 Ng6 18. f4 Nxf4 19. Bc4 Qg4 20. g3 Nh3+ 21. Kg2 e3+ 22. Rxc6 bxc6 23. Qb4 Kh8 24. e6 Ng5 25. Rf4 Qh3+ 26. Kg1 Nxe6 27. Bf1 Qh5 28. g4 Qc5 29. Qxc5 Nxc5 30. Rf5 Ne4 31. Bd4 Nd6 32. Rh5 Rfe8 33. Bd3 Ne4 34. Bxe3 Nf6 35. Rh3 Nxg4 36. Rxh7+ Kg8 37. Bd4 Ne5 38. Be4 Nf3+ 39. Bxf3 Kxh7 40. Bxc6 Red8 41. Be3 Rab8 42. b3 a6 43. Kf2 g6 44. Bg5 Rdc8 45. Be4 f5 46. Bd3 Rc3 47. Ke2 Rc6 48. a4 Re8+ 49. Kd2 Rc5 50. b4 Rc6 51. a5 Kg7 52. b5 axb5 53. Bxb5 Rd6+ 54. Kc3 Rc8+ 55. Kb4 f4 56. a6 Rd4+ 57. Ka3 Rc5 0-1

[Event "Melegnano op 3rd"]
[Site "Melegnano"]
[Date "2004.02.13"]
[Round "1"]
[White "Murgia, Andrea"]
[Black "Scuderi, David"]
[Result "1-0"]
[WhiteElo "2138"]
[BlackElo "1831"]
[PlyCount "51"]
[EventDate "2004.02.13"]
[EventType "swiss"]
[EventRounds "5"]
[EventCountry "ITA"]
[SourceTitle "EXT 2008"]
[Source "ChessBase"]
[SourceDate "2007.11.25"]
[SourceVersion "1"]
[SourceVersionDate "2007.11.25"]
[SourceQuality "1"]

1. e4 e6 2. d4 d5 3. Nd2 Nf6 4. e5 Nfd7 5. Bd3 c5 6. c3 Nc6 7. Ne2 Qb6 8. Nf3 cxd4 9. cxd4 Bb4+ 10. Bd2 0-0 11. 0-0 f6 12. exf6 Nxf6 13. Bf4 Qd8 14. Rc1 Bd6 15. Re1 Ng4 16. Bxd6 Qxd6 17. Ng3 Bd7 18. Bxh7+ Kxh7 19. Ng5+ Kg8 20. Qxg4 Rf6 21. Qh5 Rh6 22. Nf7 Rxh5 23. Nxd6 Rh4 24. Nxb7 Kf7 25. Nc5 Ke7 26. Nf5+ 1-0

[Event "Nice op 19th"]
[Site "Nice"]
[Date "2003.12.26"]
[Round "1"]
[White "Abergel, Thal"]
[Black "Murgia, Andrea"]
[Result "1/2-1/2"]
[WhiteElo "2430"]
[BlackElo "2132"]
[PlyCount "81"]
[EventDate "2003.12.26"]
[EventType "swiss"]
[EventRounds "7"]
[EventCountry "FRA"]
[SourceTitle "CBM 097 Extra"]
[Source "ChessBase"]
[SourceDate "2004.01.13"]
[SourceVersion "1"]
[SourceVersionDate "2004.01.13"]
[SourceQuality "1"]

1. e4 e5 2. Nf3 Nc6 3. Nc3 Nf6 4. a3 d6 5. d4 exd4 6. Nxd4 Bd7 7. Bc4 Be7 8. 0-0 0-0 9. h3 Re8 10. Re1 h6 11. b4 a6 12. Bb2 Nxd4 13. Qxd4 b5 14. Be2 c5 15. Qd3 Bc6 16. Nd5 Bxd5 17. exd5 Nd7 18. Bg4 Nb6 19. Rad1 Nc4 20. Ba1 cxb4 21. axb4 a5 22. bxa5 Rxa5 23. Bd4 Bg5 24. g3 Ra3 25. c3 Rxe1+ 26. Rxe1 Qa8 27. h4 Ra1 28. Rxa1 Qxa1+ 29. Kg2 Be7 30. Qe2 Bf8 31. Bd7 Qb1 32. h5 Qb3 33. Be8 Ne5 34. Qxb5 Qc2 35. Bxe5 Qe4+ 36. Kg1 Qxe5 37. g4 Qe1+ 38. Kg2 Qe4+ 39. Kh2 Qf3 40. Kg1 Qd1+ 41. Kg2 1/2-1/2

[Event "Milan Crespi op 24th"]
[Site "Milan"]
[Date "2003.12.05"]
[Round "1"]
[White "Rossi, Giampiero"]
[Black "Murgia, Andrea"]
[Result "0-1"]
[WhiteElo "2040"]
[BlackElo "2132"]
[PlyCount "56"]
[EventDate "2003.12.05"]
[EventType "swiss"]
[EventRounds "6"]
[EventCountry "ITA"]
[SourceTitle "EXT 2005"]
[Source "ChessBase"]
[SourceDate "2004.11.15"]
[SourceVersion "1"]
[SourceVersionDate "2004.11.15"]
[SourceQuality "1"]

1. d4 f5 2. Bg5 h6 3. Bh4 g5 4. Bg3 d6 5. e3 Nf6 6. Bd3 Bg7 7. c3 e6 8. Ne2 Qe7 9. Qc2 Bd7 10. Nd2 Bc6 11. f3 Nbd7 12. 0-0 0-0 13. Rfe1 Qf7 14. Bf2 Kh8 15. b4 a6 16. a4 b5 17. axb5 axb5 18. c4 Nb6 19. cxb5 Bb7 20. Nc3 Nbd5 21. Nxd5 Nxd5 22. Qb3 f4 23. exf4 Qxf4 24. Ne4 g4 25. fxg4 Rxa1 26. Rxa1 Nxb4 27. Bg3 Qe3+ 28. Nf2 Nxd3 0-1

[Event "Gorgonzola op 8th"]
[Site "Gorgonzola"]
[Date "2003.11.16"]
[Round "3"]
[White "Murgia, Andrea"]
[Black "Gromovs, Sergejs"]
[Result "0-1"]
[WhiteElo "2132"]
[BlackElo "2259"]
[PlyCount "88"]
[EventDate "2003.11.15"]
[EventType "swiss"]
[EventRounds "6"]
[EventCountry "ITA"]
[SourceTitle "EXT 2007"]
[Source "ChessBase"]
[SourceDate "2006.11.23"]
[SourceVersion "1"]
[SourceVersionDate "2006.11.23"]
[SourceQuality "1"]

1. e4 e6 2. d4 c5 3. c3 d5 4. exd5 exd5 5. Bb5+ Nc6 6. Qe2+ Be6 7. Nf3 a6 8. Bxc6+ bxc6 9. 0-0 Be7 10. dxc5 Bxc5 11. Ng5 Qf6 12. Re1 Ne7 13. Nxe6 fxe6 14. Be3 Bxe3 15. Qxe3 Kf7 16. Nd2 Rhb8 17. Nb3 Nf5 18. Qf4 Ne7 19. Qg3 h5 20. Re2 h4 21. Qg4 Ng6 22. Re3 e5 23. Rf3 Nf4 24. g3 g5 25. gxf4 gxf4 26. Qd7+ Kg6 27. Kh1 Kh6 28. Rg1 Rg8 29. Nc5 Rxg1+ 30. Kxg1 Qg6+ 31. Kf1 Qb1+ 32. Kg2 Rg8+ 33. Kh3 Qf1+ 34. Kxh4 Qg2 35. Qd6+ Kh7 36. Qd7+ Kh8 37. Qf5 Qxf3 38. Qf6+ Rg7 39. Qf8+ Kh7 40. Qf5+ Kg8 41. Qe6+ Kh8 42. Qc8+ Rg8 43. Qh3 Qxf2+ 44. Kh5 Qxc5 0-1

[Event "Corsico op 28th"]
[Site "Corsico"]
[Date "2003.11.??"]
[Round "5"]
[White "Borroni, Enrico"]
[Black "Murgia, Andrea"]
[Result "1/2-1/2"]
[WhiteElo "1908"]
[BlackElo "2132"]
[PlyCount "121"]
[EventDate "2003.10.04"]
[EventType "swiss"]
[EventRounds "7"]
[EventCountry "ITA"]
[SourceTitle "EXT 2005"]
[Source "ChessBase"]
[SourceDate "2004.11.15"]
[SourceVersion "1"]
[SourceVersionDate "2004.11.15"]
[SourceQuality "1"]

1. d4 f5 2. Nf3 Nf6 3. g3 g6 4. Bg2 Bg7 5. 0-0 0-0 6. b3 d6 7. Bb2 c6 8. c4 Qa5 9. Qd2 Qc7 10. Nc3 e5 11. dxe5 dxe5 12. Rfd1 e4 13. Ne1 Na6 14. Qd6 Qf7 15. Nc2 Ng4 16. f3 Be5 17. Qd2 Nf6 18. Na4 Bxb2 19. Nxb2 Nh5 20. fxe4 f4 21. Rf1 Qg7 22. Qd4 Bg4 23. Qxg7+ Kxg7 24. Bf3 Bxf3 25. exf3 fxg3 26. hxg3 Nxg3 27. Rf2 Nc7 28. Rd1 Rad8 29. Kg2 Rxd1 30. Nxd1 Rd8 31. Kxg3 Rxd1 32. Ne3 Rd3 33. Nf1 Ne6 34. Rd2 Nc5 35. Rxd3 Nxd3 36. Nd2 g5 37. a3 a5 38. Nf1 h5 39. Ne3 Kf6 40. Nf5 h4+ 41. Kh3 a4 42. bxa4 b6 43. Nd6 Nc5 44. Kg4 Nxa4 45. e5+ Kxe5 46. Nf7+ Kd4 47. Nxg5 Kxc4 48. f4 Kb3 49. f5 Nc5 50. Ne6 Ne4 51. Nd4+ Kxa3 52. Nxc6 Nd6 53. f6 Kb3 54. Kxh4 Kc4 55. Kg5 b5 56. Kg6 Kc5 57. Ne5 Kd5 58. Nf3 b4 59. f7 Nxf7 60. Kxf7 Kc4 61. Nd2+ 1/2-1/2